000 01060cam a22003254a 4500
001 17153
003 BD-RjUL
005 20211209000109.0
008 140216r20062001ii a b 001 0 eng
020 _a0130889784
020 _a8131702278
035 _a(BD-RjUL)17210
040 _aDLC
_cDLC
_dBD-RjUL
_beng
041 _aeng
082 0 0 _a670.427
_221
_bGRA 2006
100 1 _aGroover, Mikell P.,
_d1939-
_952913
245 1 0 _aAutomation, production systems and computer-integrated manufacturing /
_cMikell P. Groover.
250 _a2nd ed.
260 _aNew Delhi :
_bPearson Prentice Hall,
_cc2001 [Impression 2006].
300 _axv, 856 p. :
_bill. ;
_c26 cm.
504 _aIncludes bibliographical references and index.
650 0 _aManufacturing processes
_xAutomation.
_952914
650 0 _aProduction control.
_945835
650 0 _aCAD/CAM systems.
_952915
650 0 _aRobots, Industrial.
_947951
650 0 _aComputer integrated manufacturing systems.
_952916
942 _2ddc
_cBK
999 _c17153
_d17153